000 01242nam a2200217Ia 4500
003 Ost
005 20260507075338.0
008 260507s9999||||xx |||||||||||||| ||und||
020 _a9789957066925
040 _cfsecg
041 _aara
082 _a330
100 _aالرمحي، نضال محمود
_eمؤلف
245 0 _aنظم المعلومات المحاسبية /
_c نضال محمود الرمحي
260 _aعمان:
_bدار المسيرة للنشر والتوزيع,
_c2011
300 _a400 صفحة؛
_bإيضاحات ؛
_c25 سم
520 _aمقدمة في نظم المعلومات المحاسبية و نشاطات المنظمة و تطوير الانظمة و أساليب التوثيق و نظم ادارة قواعد البيانات و دورة الايرادات و دورة النفقات و الانتاج و الموارد البشرية و الدورة المالية و نمذجة البيانات و العناصر الرقابية لتشغيل البيانات الكترونيا مع وجود اسئلة في نهاية كل فصل
653 _aنظم المعلومات- المحاسبة
700 _aالذينة، زياد عبد الحليم
_eمؤلف ثانوي
942 _cكتاب
999 _c44072
_d44072